| 000 | 00598nam a2200193Ia 4500 | ||
|---|---|---|---|
| 003 | GCL | ||
| 005 | 20240530102002.0 | ||
| 008 | 140319s9999 xx 000 0 ara d | ||
| 040 |
_aGCL / _cGCL |
||
| 082 | 0 | 4 |
_a377.6962/ _bس ت |
| 100 | 0 | _aسليمان نسيم | |
| 245 | 1 | 0 |
_aالتربية فى العصر القبطى والشخصية القومية المصرية / _cسليمان نسيم |
| 260 |
_aالقاهرة : _bدار الثقافة العربية ، _c1989 |
||
| 300 | _a175ص | ||
| 650 | 0 | 4 | _aمصر |
| 650 | 0 | 4 | _aالتعليم |
| 650 | 0 | 4 | _aالتربية |
| 942 |
_2ddc _cBK |
||
| 999 |
_c29193 _d29193 |
||